Studien zur biblischen Theologie

Saved in:  
Bibliographic Details
Main Author: Blank, Josef 1926-1989 (Author)
Contributors: Mahoney, Robert 1936- (Other)
Format: Print Book
Language:German
Subito Delivery Service: Order now.
Check availability: HBZ Gateway
WorldCat: WorldCat
Interlibrary Loan:Interlibrary Loan for the Fachinformationsdienste (Specialized Information Services in Germany)
Published: Stuttgart Verl. Kath. Bibelwerk 1992
In: Stuttgarter biblische Aufsatzbände (13 : Neues Testament)
Year: 1992
Reviews:Blank, Josef, Studien zur biblischen Theologie (1993) (Schweizer, Eduard, 1913 - 2006)
, in: ThRv 92 (1996) 31-32 (Söding, Thomas)
Blank, Josef, Studien zur biblischen Theologie (1993) (Schweizer, Eduard, 1913 - 2006)
Volumes / Articles:Show volumes/articles.
Series/Journal:Stuttgarter biblische Aufsatzbände 13 : Neues Testament
Standardized Subjects / Keyword chains:B Blank, Josef 1926-1989
B Biblical theology
B Bible / Theology
IxTheo Classification:HA Bible
Further subjects:B Collection of essays
B Bibliography
Online Access: Table of Contents

MARC

LEADER 00000cam a2200000 c 4500
001 119315319
003 DE-627
005 20251222200607.0
007 tu
008 921229s1992 gw ||||| b 00| ||ger c
015 |a 92,N25,0059  |2 dnb 
015 |a 93,A01,0202  |2 dnb 
016 7 |a 920761364  |2 DE-101 
020 |a 3460061316  |c  : DM 49.00, DM 44.10 (kart., bei Abonnement der Reihe)  |9 3-460-06131-6 
035 |a (DE-627)119315319 
035 |a (DE-576)030596807 
035 |a (DE-599)GBV119315319 
035 |a (OCoLC)243722180 
035 |a (OCoLC)27294936 
040 |a DE-627  |b ger  |c DE-627  |e rakwb 
041 |a ger 
044 |c XA-DE 
082 0 |a 220.6 
084 |a 12  |2 sdnb 
084 |a 1  |2 ssgn 
084 |a BC 6575  |2 rvk  |0 (DE-625)rvk/9530: 
084 |a BC 7740  |2 rvk  |0 (DE-625)rvk/9691: 
084 |a BC 7700  |2 rvk  |0 (DE-625)rvk/9689: 
084 |a BC 6525  |2 rvk  |0 (DE-625)rvk/9528: 
084 |a 11.34  |2 bkl 
084 |a 11.44  |2 bkl 
100 1 |0 (DE-588)119065975  |0 (DE-627)079856691  |0 (DE-576)160316936  |4 aut  |a Blank, Josef  |d 1926-1989 
109 |a Blank, Josef 1926-1989  |a Blank, Josef Jakob 1926-1989 
245 1 0 |a Studien zur biblischen Theologie  |c Josef Blank. Hrsg. von Robert Mahoney 
264 1 |a Stuttgart  |b Verl. Kath. Bibelwerk  |c 1992 
300 |a 282 S  |c 21 cm 
336 |a Text  |b txt  |2 rdacontent 
337 |a ohne Hilfsmittel zu benutzen  |b n  |2 rdamedia 
338 |a Band  |b nc  |2 rdacarrier 
490 1 |a Stuttgarter biblische Aufsatzbände  |v 13  |a Neues Testament 
583 1 |a Archivierung/Langzeitarchivierung gewährleistet  |f PEBW  |x XA-DE-BW  |2 pdager  |5 DE-24 
583 1 |a Archivierung/Langzeitarchivierung gewährleistet  |f SSG  |x XA-DE-BW  |2 pdager  |5 DE-21 
652 |a HA  |b DDCoderRVK 
655 7 |a Bibliografie  |0 (DE-588)4006432-3  |0 (DE-627)104814519  |0 (DE-576)208865578  |2 gnd-content 
655 7 |a Aufsatzsammlung  |0 (DE-588)4143413-4  |0 (DE-627)105605727  |0 (DE-576)209726091  |2 gnd-content 
689 0 0 |d p  |0 (DE-588)119065975  |0 (DE-627)079856691  |0 (DE-576)160316936  |2 gnd  |a Blank, Josef  |d 1926-1989 
689 0 |5 DE-101 
689 1 0 |d p  |0 (DE-588)119065975  |0 (DE-627)079856691  |0 (DE-576)160316936  |2 gnd  |a Blank, Josef  |d 1926-1989 
689 1 |5 DE-101 
689 2 0 |d s  |0 (DE-588)4135590-8  |0 (DE-627)105663972  |0 (DE-576)209662050  |2 gnd  |a Biblische Theologie 
689 2 |5 DE-101 
689 3 0 |d u  |0 (DE-588)4006406-2  |0 (DE-627)106377604  |0 (DE-576)208865497  |a Bibel  |2 gnd 
689 3 1 |d s  |0 (DE-588)4059758-1  |0 (DE-627)104131446  |0 (DE-576)209132159  |2 gnd  |a Theologie 
689 3 |5 DE-101 
689 4 0 |d p  |0 (DE-588)119065975  |0 (DE-627)079856691  |0 (DE-576)160316936  |2 gnd  |a Blank, Josef  |d 1926-1989 
689 4 |5 (DE-627) 
689 5 0 |d p  |0 (DE-588)119065975  |0 (DE-627)079856691  |0 (DE-576)160316936  |2 gnd  |a Blank, Josef  |d 1926-1989 
689 5 |5 (DE-627) 
689 6 0 |d s  |0 (DE-588)4135590-8  |0 (DE-627)105663972  |0 (DE-576)209662050  |2 gnd  |a Biblische Theologie 
689 6 |5 (DE-627) 
689 7 0 |d u  |0 (DE-588)4006406-2  |0 (DE-627)106377604  |0 (DE-576)208865497  |a Bibel  |2 gnd 
689 7 1 |d s  |0 (DE-588)4059758-1  |0 (DE-627)104131446  |0 (DE-576)209132159  |2 gnd  |a Theologie 
689 7 |5 (DE-627) 
700 1 |8 1\p  |0 (DE-588)172246024  |0 (DE-627)697157504  |0 (DE-576)133114708  |4 oth  |a Mahoney, Robert  |d 1936- 
787 0 8 |i Rezension  |a Schweizer, Eduard, 1913 - 2006  |t Blank, Josef, Studien zur biblischen Theologie  |d 1993  |w (DE-627)1462873073  |w (DE-576)392873079 
787 0 8 |i Rezension  |a Söding, Thomas  |t , in: ThRv  |g 92 (1996) 31-32 
787 0 8 |i Rezensiert in  |a Schweizer, Eduard, 1913 - 2006  |t Blank, Josef, Studien zur biblischen Theologie  |d 1993  |w (DE-627)1521163413  |w (DE-576)451163419 
830 0 |a Stuttgarter biblische Aufsatzbände  |v 13 : Neues Testament  |9 13  |w (DE-627)13110697X  |w (DE-576)015604845  |w (DE-600)1119682-8  |7 am 
856 4 2 |u https://swbplus.bsz-bw.de/bsz030596807inh.htm  |m B:DE-576;DE-352  |q application/pdf  |v 20090420095626  |x Verlag  |3 Inhaltsverzeichnis  |7 1 
883 |8 1\p  |a cgwrk  |d 20241001  |q DE-101  |u https://d-nb.info/provenance/plan#cgwrk 
935 |a mteo  |a BIIN 
935 |i Blocktest 
936 r v |a BC 6575  |b Neues Testament  |k Theologie und Religionswissenschaften  |k Bibelwissenschaft  |k Biblische Theologie  |k Biblische Theologie  |k Neues Testament  |0 (DE-627)1270712845  |0 (DE-625)rvk/9530:  |0 (DE-576)200712845 
936 r v |a BC 7740  |b Teilsammlungen nur zum NT  |k Theologie und Religionswissenschaften  |k Bibelwissenschaft  |k Biblische Theologie  |k Sammelwerke  |k Teilsammlungen (Aufsätze eines Autors)  |k Teilsammlungen nur zum NT  |0 (DE-627)1270713299  |0 (DE-625)rvk/9691:  |0 (DE-576)200713299 
936 r v |a BC 7700  |b Teilsammlungen, Gesamtdarstellungen  |k Theologie und Religionswissenschaften  |k Bibelwissenschaft  |k Biblische Theologie  |k Sammelwerke  |k Teilsammlungen (Aufsätze eines Autors)  |k Teilsammlungen, Gesamtdarstellungen  |0 (DE-627)1270713272  |0 (DE-625)rvk/9689:  |0 (DE-576)200713272 
936 r v |a BC 6525  |b Gesamtdarstellungen  |k Theologie und Religionswissenschaften  |k Bibelwissenschaft  |k Biblische Theologie  |k Biblische Theologie  |k Gesamtdarstellungen  |0 (DE-627)1270712829  |0 (DE-625)rvk/9528:  |0 (DE-576)200712829 
936 b k |a 11.34  |j Exegese  |j Hermeneutik  |x Bibel  |0 (DE-627)106404415 
936 b k |a 11.44  |j Neues Testament  |q coli-conc NSK->BK  |q https://coli-conc.gbv.de/api/mappings/377a2860-3595-4e1a-8012-7384c3fec236  |0 (DE-627)106404326 
951 |a BO 
ACO |a 1 
BIB |a 1 
ELC |b 1 
ITA |a 1  |t 1 
LOK |0 000 xxxxxcx a22 zn 4500 
LOK |0 001 3147345548 
LOK |0 003 DE-627 
LOK |0 004 119315319 
LOK |0 005 20020413000000 
LOK |0 008 930406||||||||||||||||ger||||||| 
LOK |0 040   |a DE-21  |c DE-627  |d DE-21 
LOK |0 852   |a DE-21 
LOK |0 852 1  |c 32 A 20835  |9 00 
LOK |0 935   |a theo 
LOK |0 936ln  |a t5 
LOK |0 939   |a 06-04-93  |b l01 
LOK |0 000 xxxxxcx a22 zn 4500 
LOK |0 001 3147345610 
LOK |0 003 DE-627 
LOK |0 004 119315319 
LOK |0 005 20080718132728 
LOK |0 008 930616||||||||||||||||ger||||||| 
LOK |0 040   |a DE-21-35  |c DE-627  |d DE-21-35 
LOK |0 541   |e 91/37 
LOK |0 852   |a DE-21-35 
LOK |0 852 1  |c Ha 3.20-13  |m p  |9 00 
LOK |0 935   |a kneu 
LOK |0 938   |k p 
LOK |0 939   |a 16-06-93  |b l01 
LOK |0 000 xxxxxcx a22 zn 4500 
LOK |0 001 3147346447 
LOK |0 003 DE-627 
LOK |0 004 119315319 
LOK |0 005 20190311233654 
LOK |0 008 190311||||||||||||||||ger||||||| 
LOK |0 035   |a (DE-Tue135-1)45244 
LOK |0 040   |a DE-Tue135-1  |c DE-627  |d DE-Tue135-1 
LOK |0 852   |a DE-Tue135-1 
LOK |0 852 1  |c NT10118  |m p  |9 00 
LOK |0 852 2  |b F 85  |9 00 
LOK |0 935   |a iMON 
LOK |0 938   |k p 
LOK |0 938   |l Bibliogr. J. Blank S. 263 - 278  |8 0 
LOK |0 939   |a 11-03-19  |b l12 
ORI |a SA-MARC-ixtheoa001.raw 
SPR |a 1  |t BIB  |t IXT 
STA 0 0 |a Bible,Biblical theology,Theology,Theology 
STB 0 0 |a Théologie biblique,Théologie,Théologie 
STC 0 0 |a Teología bíblica,Teología,Teología 
STD 0 0 |a Teologia biblica,Teologia,Teologia 
STE 0 0 |a 圣经神学,神学家 
STF 0 0 |a 神學家,聖經神學 
STG 0 0 |a Teologia bíblica,Teologia,Teologia 
STH 0 0 |a Библейское богословие,Богословие (мотив),Богословие 
STI 0 0 |a Βιβλική θεολογία,Θεολογία (μοτίβο),Θεολογία 
SUB |a BIB 
SYG 0 0 |a Blank, Josef Jakob,1926-1989 , Blank, Josef Jakob,1926-1989 , Bible for Today's Family,Contemporary English version bible,CEV,New International Reader's,NIrV,NIV,N.I.V.,New International Version Bible,English Standard Version,ESV,ESV Bible,Holy Bible, English Standard Version,Schlachter-Bibel,Schlachterbibel,Zürcher Bibel,Bibel,Handschrift,Arras,Bibliothèque Municipale,Ms. 559,Saint-Vaast Bible,Vatopediu,Athos, Bibliothek,Cod. 1582,Bibbia di Ripoll,Ripoll Bibel,La bible nouvellement translatée avec annotations,Bibel,Althochdeutsch,Glosse,Basel,Universitätsbibliothek,Cod. N I 3 Nr. 97a,Bibelglossatur M,Basel,Universitätsbibliothek,Cod. N I 3 Nr. 97a,Bibel,Handschrift,Breslau,Universitätsbibliothek,Ms. M 1106,Bibel,Bibel,Bibel,Bibel,Bibel,Bibel,Bibel in gerechter Sprache,Itala,Bibel,Bibel,Bibel,Bibel,King James Version,Authorized Version,Authorised Version,KJV,KJB,King James Bible,King-James-Bibel,Zwingli-Bibel,Zwinglibibel,Zürcher Bibelübersetzung,Bibel,Neues Testament,Lutherbibel,Luther-Bibel,Biblia, das ist, die gantze heilige Schrifft Deudsch,Einheitsübersetzung,Einheitsübersetzung der Heiligen Schrift,Biblia,Heilige Schrift,Bible,Die Bibel,Die Heilige Schrift,La Sainte Bible,La Soncha Scrittüra,Biblia Sacra,La Bible,The Holy Bible,Sveto pismo Staroga i Novoga zaveta,Biblia święta,Biblí svatá,Biblija,La Sacra Bibbia,La Santa Biblia,Die Heiligen Schriften des Alten und Neuen Bundes,Die Heiligen Schriften,Die gantze Heilige Schrifft Deudsch,Die ganze Heilige Schrifft,Kitāb-i muqaddas,al- Kitab al-muqaddas,Seisho,Müqäddäs kitab,Beibel,Bībele , Christliche Theologie , Blank, Josef Jakob,1926-1989 , Blank, Josef Jakob,1926-1989 , Bible for Today's Family,Contemporary English version bible,CEV,New International Reader's,NIrV,NIV,N.I.V.,New International Version Bible,English Standard Version,ESV,ESV Bible,Holy Bible, English Standard Version,Schlachter-Bibel,Schlachterbibel,Zürcher Bibel,Bibel,Handschrift,Arras,Bibliothèque Municipale,Ms. 559,Saint-Vaast Bible,Vatopediu,Athos, Bibliothek,Cod. 1582,Bibbia di Ripoll,Ripoll Bibel,La bible nouvellement translatée avec annotations,Bibel,Althochdeutsch,Glosse,Basel,Universitätsbibliothek,Cod. N I 3 Nr. 97a,Bibelglossatur M,Basel,Universitätsbibliothek,Cod. N I 3 Nr. 97a,Bibel,Handschrift,Breslau,Universitätsbibliothek,Ms. M 1106,Bibel,Bibel,Bibel,Bibel,Bibel,Bibel,Bibel in gerechter Sprache,Itala,Bibel,Bibel,Bibel,Bibel,King James Version,Authorized Version,Authorised Version,KJV,KJB,King James Bible,King-James-Bibel,Zwingli-Bibel,Zwinglibibel,Zürcher Bibelübersetzung,Bibel,Neues Testament,Lutherbibel,Luther-Bibel,Biblia, das ist, die gantze heilige Schrifft Deudsch,Einheitsübersetzung,Einheitsübersetzung der Heiligen Schrift,Biblia,Heilige Schrift,Bible,Die Bibel,Die Heilige Schrift,La Sainte Bible,La Soncha Scrittüra,Biblia Sacra,La Bible,The Holy Bible,Sveto pismo Staroga i Novoga zaveta,Biblia święta,Biblí svatá,Biblija,La Sacra Bibbia,La Santa Biblia,Die Heiligen Schriften des Alten und Neuen Bundes,Die Heiligen Schriften,Die gantze Heilige Schrifft Deudsch,Die ganze Heilige Schrifft,Kitāb-i muqaddas,al- Kitab al-muqaddas,Seisho,Müqäddäs kitab,Beibel,Bībele , Christliche Theologie